MARC details
| 000 -LEADER |
| fixed length control field |
02396nam a22003617a 4500 |
| 001 - CONTROL NUMBER |
| control field |
100385 |
| 003 - CONTROL NUMBER IDENTIFIER |
| control field |
KnowledgeUnlatched |
| 005 - DATE AND TIME OF LATEST TRANSACTION |
| control field |
20210303105402.0 |
| 006 - FIXED-LENGTH DATA ELEMENTS--ADDITIONAL MATERIAL CHARACTERISTICS |
| fixed length control field |
m o d |
| 007 - PHYSICAL DESCRIPTION FIXED FIELD--GENERAL INFORMATION |
| fixed length control field |
cr u|||||||||| |
| 008 - FIXED-LENGTH DATA ELEMENTS--GENERAL INFORMATION |
| fixed length control field |
210129p20162017miu o u00| u eng d |
| 035 ## - SYSTEM CONTROL NUMBER |
| System control number |
(OCoLC)987454272 |
| 037 ## - SOURCE OF ACQUISITION |
| Institution to which field applies |
BiblioBoard |
| 020 ## - INTERNATIONAL STANDARD BOOK NUMBER |
| International Standard Book Number |
9780472073412 |
| 029 1# - OTHER SYSTEM CONTROL NUMBER (OCLC) |
| OCLC library identifier |
https://library.biblioboard.com/ext/api/media/13bb9f0a-0cee-47f2-bba9-f55804309358/assets/thumbnail.jpg |
| 040 ## - CATALOGING SOURCE |
| Original cataloging agency |
ScCtBLL |
| Transcribing agency |
ScCtBLL |
| 100 1# - MAIN ENTRY--PERSONAL NAME |
| Personal name |
Goetze, Catherine |
| Relator term |
author. |
| 245 04 - TITLE STATEMENT |
| Title |
The Distinction of Peace |
| Remainder of title |
A Social Analysis of Peacebuilding / |
| Statement of responsibility, etc. |
Catherine Goetze. |
| 264 #1 - PRODUCTION, PUBLICATION, DISTRIBUTION, MANUFACTURE, AND COPYRIGHT NOTICE |
| Name of producer, publisher, distributor, manufacturer |
University of Michigan Press, |
| 300 ## - PHYSICAL DESCRIPTION |
| Extent |
1 online resource (296 p.) |
| 506 0# - RESTRICTIONS ON ACCESS NOTE |
| Terms governing access |
Access copy available to the general public. |
| Standardized terminology for access restriction |
Unrestricted |
| Source of term |
star |
| 520 ## - SUMMARY, ETC. |
| Summary, etc. |
Peacebuilding serves as a catch-all term to describe efforts by an array of international organizations, non-governmental organizations, and even agencies of foreign states to restore or construct a peaceful society in the wake- or even in the midst- of conflict. Despite this variety, practitioners consider themselves members of a global profession. In this study, Catherine Goetze investigates the genesis of peacebuilding as a professional field of expertise since the 1960s, its increasing influence, and the ways it reflects global power structures.Step-by-step, Goetze describes how the peacebuilding field came into being, how it defines who belongs to it and who does not, and what kind of group culture it has generated. Using an innovative and original methodology, she investigates the motivations of individuals who become peacebuilders, their professional trajectories and networks, and the good peacebuilder as an ideal. |
| 588 0# - SOURCE OF DESCRIPTION NOTE |
| Source of description note |
Description based on print version record. |
| 590 ## - LOCAL NOTE (RLIN) |
| Local note |
KU Select 2016 Front List Collection |
| 650 #7 - SUBJECT ADDED ENTRY--TOPICAL TERM |
| Topical term or geographic name entry element |
Political Science / Peace |
| Source of heading or term |
bisacsh |
| 650 #0 - SUBJECT ADDED ENTRY--TOPICAL TERM |
| Topical term or geographic name entry element |
Political science |
| 655 #0 - INDEX TERM--GENRE/FORM |
| Genre/form data or focus term |
Electronic books. |
| 758 ## - |
| -- |
Is found in: |
| -- |
Knowledge Unlatched |
| -- |
https://openresearchlibrary.org/module/2774bc74-146a-484f-a7ba-ab1d6a09bbfb |
| 856 40 - ELECTRONIC LOCATION AND ACCESS |
| Uniform Resource Identifier |
<a href="https://openresearchlibrary.org/content/13bb9f0a-0cee-47f2-bba9-f55804309358">https://openresearchlibrary.org/content/13bb9f0a-0cee-47f2-bba9-f55804309358</a> |
| Public note |
View this content on Open Research Library. |
| -- |
0 |